00325 a2200133 4500001000700000040002200007041001600029082001700045100004900062245002400111260003600135300000700171362001300178145858 cLeonardo Da Vinci aPortuguês aI K64ubK64u aKING, Stephen MichaelaKING, Stephen Michael aO urso e a árvore bBrinque-Bookc2014aSão Paulo a36 a20140000